000 01724nam a2200409 i 4500
001 29896
003 KOSZ 005
005 20191030143939.0
008 950405s1993 pl a f |100 0 pol
040 _cBPK
041 0 _apol
_aeng
_bpol
_beng
046 _k1993
080 _a621.791/.795
080 _a621.753
080 _a620.1
080 _a533.5
080 _a621.9
080 _a669.017/.018
111 2 _aSzkoła Mielno'92
_n(3 ;
_d1992 ;
_cMielno)
245 1 0 _a Nowoczesne technologie próżniowe :
_b3 Szkoła Mielno '92 : 26-28 listopada 1992 r. /
_cWyższa Szkoła Inżynierska w Koszalinie Katedra Materiałoznawstwa i Technologii Materiałów, Środowiskowe Laboratorium Techniki Próżniowej, Sekcja Plazmowej Inżynierii Powierzchni Polskiego Towarzystwa Próżniowego ; [red. nauk. Witold Precht].
260 _aKoszalin :
_bWydaw. Uczelniane WSI,
_c1993.
300 _a259 s. :
_bfot., rys., wykr. ;
_c24 cm.
490 1 _aMateriały Konferencyjne Wydziału Mechanicznego
504 _aBibliogr. przy ref.
546 _aStreszcz. pol., ang. przy ref.
650 4 _aTechnologia
650 4 _aInżynieria powierzchni
650 4 _aNarzędzia
650 4 _aTechnika próżniowa
655 4 _aMateriały konferencyjne
658 _aInżynieria i technika
700 1 _aPrecht, Witold.
_eRedakcja
710 2 _aWydawnictwo Uczelniane (Wyższa Szkoła Inżynierska ; Koszalin)
_4pbl.
830 0 _aMateriały Konferencyjne Wydziału Mechanicznego - Wyższa Szkoła Inżynierska w Koszalinie.
856 _uhttp://koha.tu.koszalin.pl/cgi-bin/koha/opac-detail.pl?biblionumber=29896
_yKatalog online BPK
942 _cKS
_2UKD
999 _c29896
_d29896